000 00292nam a22001337a 4500
008 260424b ||||| |||| 00| 0 eng d
020 _a9789951410458
041 _aShqip
080 _a821.18
100 _a40
101 _aRrëfime
245 _aRrëfime
_cVehbi Miftari
942 _2udc
_cBK
999 _c60991
_d60991